000 00469nam a2200181Ia 4500
001 3421
005 20260306145642.0
008 260306t1981||||xx |||||||||||||| ||spa||
041 _aESP
082 _a276
_bB19
100 _aBalthasar, Hans Urs von
_eAUT
245 0 _aEl complejo antirromano:
_bintegración del papado en la iglesia universal
260 _c1981
300 _a373 pƔginas :
_c20 cm.
650 _aGEN
654 _aCHU
942 _cLIB
_dJUS
_fJUS
_2ddc
_n
999 _c3421
_d3421